| 000 | 01127nam a2200337 a 4500 | ||
|---|---|---|---|
| 001 | 000110450 | ||
| 003 | CHAP | ||
| 005 | 20220329144134.0 | ||
| 008 | 140829s2007 mx a |r| |||||||spa|d | ||
| 010 | _a106912 | ||
| 011 | _a107884 | ||
| 020 | _a9789707530898 | ||
| 040 | _cCHAP | ||
| 082 | 0 | 4 |
_a972.52004 _bC31 |
| 100 | 1 |
_aCarreón Flores, Jaime Enrique _9128105 |
|
| 245 | 1 | 0 |
_aNahuas de Texcoco / _cpor Jaime Enrique Carreón Flores. |
| 260 | 3 |
_aMéxico, D.F. : _bComisión Nacional para el Desarrollo de los Pueblos Indígenas, _c2007. |
|
| 300 |
_a55 p. : _bil. |
||
| 490 | 0 | _aPueblos Indígenas del México Contemporáneo | |
| 590 |
_aBATCH-UPD _b05 _c20140829 _lUCH01 _h0937 |
||
| 590 |
_aE792CSJ _b05 _c20140829 _lUCH01 _h0936 |
||
| 650 | 1 | 4 |
_aIndios de México (Edo.) _xNahuas. _9128113 |
| 650 | 1 | 4 |
_aNahuas _xHistoria. _9128010 |
| 650 | 1 | 4 |
_aNahuas _xOrganización social. _9128008 |
| 650 | 1 | 4 |
_aNahuas _xReligión y mitología. _980061 |
| 650 | 1 | 4 |
_aNahuas _xVida social y costumbres. _980062 |
| 830 | 0 |
_aPueblos Indígenas del México Contemporáneo _992892 |
|
| 901 | _aBK | ||
| 942 | _cLIBRO | ||
| 942 | _n0 | ||
| 999 |
_c106912 _d106912 |
||